[Event "Nova Gorica op-B 13th"]
[Site "Nova Gorica"]
[Date "2008.01.27"]
[Round "3"]
[White "Lorber, Kristijan"]
[Black "Pahor, Kristjan"]
[Result "1-0"]
[WhiteElo "1613"]
[BlackElo "1500"]
[PlyCount "77"]
[EventDate "2008.01.26"]
[EventType "swiss"]
[EventRounds "9"]
[EventCountry "SLO"]
[SourceTitle "EXT 2010"]
[Source "ChessBase"]
[SourceDate "2010.11.25"]
[SourceVersion "1"]
[SourceVersionDate "2010.11.25"]
[SourceQuality "1"]

1. e4 e5 2. Nc3 Nf6 3. Bc4 Bc5 4. d3 h6 5. f4 d6 6. Na4 Bxg1 7. Rxg1 d5 8. exd5 Nxd5 9. fxe5 c6 10. Qf3 Be6 11. Nc5 Qh4+ 12. Qg3 Qxg3+ 13. hxg3 b5 14. Bb3 Nc7 15. Bd2 Bxb3 16. axb3 Nd7 17. Nxd7 Kxd7 18. Rf1 Rhf8 19. Bb4 Rfe8 20. Rxf7+ Kd8 21. Ba5 Rc8 22. d4 Re7 23. Rxe7 Kxe7 24. Bb4+ Ke6 25. Rxa7 Nd5 26. Bc5 Rg8 27. Ke2 g6 28. c4 bxc4 29. bxc4 Nf6 30. exf6 Kxf6 31. Ra6 Rc8 32. d5 Ke5 33. Rxc6 Rd8 34. Rxg6 Rc8 35. b4 Kf5 36. Rxh6 Kg5 37. Re6 Kf5 38. Kf3 Rf8 39. Bxf8 1-0

[Event "Nova Gorica op-B 12th"]
[Site "Nova Gorica"]
[Date "2007.01.31"]
[Round "9"]
[White "Veliscek, Iza"]
[Black "Pahor, Kristjan"]
[Result "1-0"]
[WhiteElo "1500"]
[BlackElo "1500"]
[PlyCount "85"]
[EventDate "2007.01.26"]
[EventType "swiss"]
[EventRounds "9"]
[EventCountry "SLO"]
[SourceTitle "CBM 116 Extra"]
[Source "ChessBase"]
[SourceDate "2007.03.07"]
[SourceVersion "1"]
[SourceVersionDate "2007.03.07"]
[SourceQuality "1"]

1. e4 c5 2. Nf3 Nc6 3. Bb5 g6 4. Nc3 Bg7 5. Bxc6 bxc6 6. d3 Nf6 7. h3 0-0 8. e5 Nd5 9. Nxd5 cxd5 10. 0-0 Ba6 11. Re1 Rb8 12. b3 d6 13. Bf4 c4 14. dxc4 dxc4 15. Rb1 dxe5 16. Nxe5 Bxe5 17. Bxe5 Qxd1 18. Rbxd1 Rbd8 19. Rb1 f6 20. Bc7 Ra8 21. Rxe7 Rfe8 22. Rxe8+ Rxe8 23. b4 Re2 24. Rc1 Re7 25. Bd6 Rd7 26. Bc5 Rb7 27. a4 Rc7 28. Bd6 Rd7 29. Rd1 h5 30. b5 Bb7 31. a5 a6 32. b6 Bc6 33. f4 g5 34. fxg5 fxg5 35. Rd4 Kh7 36. g4 hxg4 37. hxg4 Kg8 38. Kf2 Rf7+ 39. Ke3 Rf3+ 40. Ke2 Rh3 41. Rxc4 Bb5 42. b7 Bxc4+ 43. Kf2 1-0

[Event "Nova Gorica op-B 12th"]
[Site "Nova Gorica"]
[Date "2007.01.27"]
[Round "2"]
[White "Jeran, Bostjan"]
[Black "Pahor, Kristjan"]
[Result "1-0"]
[WhiteElo "2119"]
[BlackElo "1500"]
[PlyCount "51"]
[EventDate "2007.01.26"]
[EventType "swiss"]
[EventRounds "9"]
[EventCountry "SLO"]
[SourceTitle "CBM 116 Extra"]
[Source "ChessBase"]
[SourceDate "2007.03.07"]
[SourceVersion "1"]
[SourceVersionDate "2007.03.07"]
[SourceQuality "1"]

1. c4 c5 2. Nc3 g6 3. Nf3 Nc6 4. g3 Bg7 5. Bg2 Nf6 6. 0-0 0-0 7. Rb1 d6 8. d3 Be6 9. a3 b6 10. b4 Qe8 11. Ng5 Qd7 12. Nxe6 Qxe6 13. Bxc6 Rac8 14. b5 Qh3 15. Bg2 Qh5 16. Nd5 Ng4 17. Nxe7+ Kh8 18. h3 Nf6 19. Nxc8 Rxc8 20. Bb2 Rg8 21. e3 Qh6 22. Qf3 Ne8 23. Qxf7 Bxb2 24. Rxb2 Qg7 25. Qxg7+ Rxg7 26. a4 1-0